| 000 | 00660nam a22002057a 4500 | ||
|---|---|---|---|
| 003 | koha_MIRAKIL | ||
| 005 | 20250521104602.0 | ||
| 008 | 250521b tur||||| |||| 00| 0 tur d | ||
| 020 | _a9786053707257 | ||
| 040 |
_aTR-IsEVY _btur _cTR-IsEVY |
||
| 082 | _aFIC YAM/B | ||
| 100 | _aYamada, Kobi | ||
| 245 | 0 |
_aBelki / _cKobi Yamada ; resimleyen Gabriella Barouch. |
|
| 250 | _a6. bs. | ||
| 260 |
_aİstanbul: _bNar Çocuk Yayınları, _c2023. |
||
| 300 |
_a[44] s. : _brenkli resimli; _c30 cm. |
||
| 650 |
_aÇocuk edebiyatı -- Hikayeler. _vResimli Kitaplar. _vPotansiyallerimiz. _vHayaller. |
||
| 700 | 1 |
_aBarouch, Gabriella. _cresimleyen. |
|
| 942 |
_2ddc _cBK |
||
| 999 |
_c22332 _d22332 |
||